000 00438nam a2200181Ia 4500
001 10683
005 20260306161850.0
008 260306t1942||||xx |||||||||||||| ||spa||
041 _aESP
082 _a946.072
_bR81
100 _aRomanones, Conde de
_eAUT
245 0 _aUn drama político:
_bIsabel II Olózaga
260 _c1942
300 _a148 páginas :
_c19 cm.
650 _aGEN
654 _aCHU
942 _cLIB
_dJUS
_fJUS
_2ddc
_n
999 _c10683
_d10683